Normal view
MARC view
- Ling, David C, Archer, Wayne R
Entry Personal Name
001 - CONTROL NUMBER
- control field: 64404
003 - CONTROL NUMBER IDENTIFIER
- control field: NUST
005 - DATE AND TIME OF LATEST TRANSACTION
- control field: 20210628203252.0
008 - FIXED-LENGTH DATA ELEMENTS
- fixed length control field: 210628|| aca||aabn | a|a d
040 ## - CATALOGING SOURCE
- Original cataloging agency: NUST
- Transcribing agency: NUST
100 ## - HEADING--PERSONAL NAME
- Personal name: Ling, David C, Archer, Wayne R
670 ## - SOURCE DATA FOUND
- Source citation: Work cat.: (NUST): Ling, David C, Archer, Wayne R, Real estate principles, a value approach, 2005
